Welcome to the Holygrace Academy Library

Please use search bar below to get started

CHOICEST ESSAYS (Record no. 6960)

MARC details
000 -LEADER
fixed length control field 00363nam a22001457a 4500
020 ## - INTERNATIONAL STANDARD BOOK NUMBER
ISBN 81-7199-283-8
082 ## - DEWEY DECIMAL CLASSIFICATION NUMBER
Classification number 824
Item number BAT/C
100 ## - MAIN ENTRY--AUTHOR NAME
Personal name BATRA, SHAKTI
245 ## - TITLE STATEMENT
Title CHOICEST ESSAYS
260 ## - PUBLICATION, DISTRIBUTION, ETC. (IMPRINT)
Place of publication DELHI
Name of publisher BRIGHT GROUP OF PUBLICATIONS
300 ## - PHYSICAL DESCRIPTION
Number of Pages 304
520 ## - SUMMARY, ETC.
Summary, etc FOR ALL ACADEMIC AND COMPETITIVE EXAMINATIONS
650 ## - SUBJECT ADDED ENTRY--TOPICAL TERM
Topical Term ENGLISH ESSAYS
Geographic subdivision INDIA
942 ## - ADDED ENTRY ELEMENTS (KOHA)
Koha item type Books
Holdings
Withdrawn status Lost status Collection code Home library Current library Shelving location Date acquired Source of acquisition Cost, normal purchase price Full call number Accession Number Koha item type
    Reference Main Library Main Library SHELF-16B -ENGLISH SPEECHES,ESSAYS,QUOTES 09/05/2017 purchase 140.00 824 BAT/C 07590 Books